<?xml version="1.0" encoding="UTF-8"?>
<record
    xmlns:xsi="http://www.w3.org/2001/XMLSchema-instance"
    xsi:schemaLocation="http://www.loc.gov/MARC21/slim http://www.loc.gov/standards/marcxml/schema/MARC21slim.xsd"
    xmlns="http://www.loc.gov/MARC21/slim">

  <leader>00585nam a2200193Ia 4500</leader>
  <datafield tag="999" ind1=" " ind2=" ">
    <subfield code="c">3715</subfield>
    <subfield code="d">3715</subfield>
  </datafield>
  <controlfield tag="003">GBCCL</controlfield>
  <controlfield tag="005">20241126110501.0</controlfield>
  <controlfield tag="008">171205b        xxu||||| |||| 00| 0 eng d</controlfield>
  <datafield tag="040" ind1=" " ind2=" ">
    <subfield code="c">gbc</subfield>
  </datafield>
  <datafield tag="082" ind1=" " ind2=" ">
    <subfield code="a">223.207</subfield>
    <subfield code="b">WIL</subfield>
  </datafield>
  <datafield tag="100" ind1=" " ind2=" ">
    <subfield code="a">Williams, Theodore</subfield>
    <subfield code="9">7350</subfield>
  </datafield>
  <datafield tag="245" ind1=" " ind2=" ">
    <subfield code="a">God Alive:</subfield>
    <subfield code="b">Studies in Psalms /</subfield>
    <subfield code="c">Theodore Williams</subfield>
  </datafield>
  <datafield tag="250" ind1=" " ind2=" ">
    <subfield code="a">3rd Ed.</subfield>
  </datafield>
  <datafield tag="260" ind1=" " ind2=" ">
    <subfield code="b">Indian Evangelical Mission,</subfield>
    <subfield code="a">Bangalore:</subfield>
    <subfield code="c">1989</subfield>
  </datafield>
  <datafield tag="300" ind1=" " ind2=" ">
    <subfield code="a">190p.;</subfield>
    <subfield code="c">18 cm.</subfield>
  </datafield>
  <datafield tag="505" ind1=" " ind2=" ">
    <subfield code="a">v.1 Psalms 1-5- ; v.2 Psalms 51-100 ; v.3 Psalms 101-150</subfield>
  </datafield>
  <datafield tag="650" ind1=" " ind2=" ">
    <subfield code="a">Bible</subfield>
    <subfield code="v">Old Testament</subfield>
    <subfield code="v">Psalms</subfield>
    <subfield code="x">Study</subfield>
    <subfield code="9">8153</subfield>
  </datafield>
  <datafield tag="942" ind1=" " ind2=" ">
    <subfield code="2">ddc</subfield>
    <subfield code="c">BK</subfield>
    <subfield code="0">4</subfield>
  </datafield>
  <datafield tag="952" ind1=" " ind2=" ">
    <subfield code="0">0</subfield>
    <subfield code="1">0</subfield>
    <subfield code="2">ddc</subfield>
    <subfield code="4">0</subfield>
    <subfield code="7">0</subfield>
    <subfield code="a">GBC</subfield>
    <subfield code="b">GBC</subfield>
    <subfield code="c">BS</subfield>
    <subfield code="d">2017-12-05</subfield>
    <subfield code="l">1</subfield>
    <subfield code="o">223.207 WIL</subfield>
    <subfield code="p">003187</subfield>
    <subfield code="r">2025-05-01 00:00:00</subfield>
    <subfield code="s">2025-01-22</subfield>
    <subfield code="t">v.1</subfield>
    <subfield code="w">2017-12-05</subfield>
    <subfield code="y">BK</subfield>
  </datafield>
  <datafield tag="952" ind1=" " ind2=" ">
    <subfield code="0">0</subfield>
    <subfield code="1">0</subfield>
    <subfield code="2">ddc</subfield>
    <subfield code="4">0</subfield>
    <subfield code="7">0</subfield>
    <subfield code="a">GBC</subfield>
    <subfield code="b">GBC</subfield>
    <subfield code="c">BS</subfield>
    <subfield code="d">2018-02-26</subfield>
    <subfield code="l">1</subfield>
    <subfield code="o">223.207 WIL</subfield>
    <subfield code="p">003189</subfield>
    <subfield code="r">2025-05-01 00:00:00</subfield>
    <subfield code="s">2018-10-12</subfield>
    <subfield code="t">v.1 c.2</subfield>
    <subfield code="w">2018-02-26</subfield>
    <subfield code="y">BK</subfield>
  </datafield>
  <datafield tag="952" ind1=" " ind2=" ">
    <subfield code="0">0</subfield>
    <subfield code="1">0</subfield>
    <subfield code="2">ddc</subfield>
    <subfield code="4">0</subfield>
    <subfield code="7">0</subfield>
    <subfield code="a">GBC</subfield>
    <subfield code="b">GBC</subfield>
    <subfield code="c">BS</subfield>
    <subfield code="d">2018-02-26</subfield>
    <subfield code="l">2</subfield>
    <subfield code="o">223.207 WIL</subfield>
    <subfield code="p">003192</subfield>
    <subfield code="r">2025-05-01 00:00:00</subfield>
    <subfield code="s">2021-03-30</subfield>
    <subfield code="t">v.2</subfield>
    <subfield code="w">2018-02-26</subfield>
    <subfield code="y">BK</subfield>
  </datafield>
  <datafield tag="952" ind1=" " ind2=" ">
    <subfield code="0">0</subfield>
    <subfield code="1">0</subfield>
    <subfield code="2">ddc</subfield>
    <subfield code="4">0</subfield>
    <subfield code="7">0</subfield>
    <subfield code="a">GBC</subfield>
    <subfield code="b">GBC</subfield>
    <subfield code="c">BS</subfield>
    <subfield code="d">2018-04-11</subfield>
    <subfield code="l">2</subfield>
    <subfield code="o">223.207 WIL</subfield>
    <subfield code="p">003194</subfield>
    <subfield code="r">2025-09-23 14:13:40</subfield>
    <subfield code="s">2025-09-19</subfield>
    <subfield code="t">v.3</subfield>
    <subfield code="w">2018-04-11</subfield>
    <subfield code="y">BK</subfield>
  </datafield>
</record>
